Pirlimpimpin 1º (Registro nro. 162159)

Detalles MARC
000 -LEADER
campo de control de longitud fija 00933nam a22002055i 4500
001 - NÚMERO DE CONTROL
campo de control 162159
003 - IDENTIFICADOR DE NÚMERO DE CONTROL
campo de control ES-MaACL
005 - FECHA Y HORA DE LA ÚLTIMA TRANSACCIÓN
campo de control 20250930063143.0
008 - DATOS DE LONGITUD FIJA--INFORMACIÓN GENERAL
campo de control de longitud fija 000121s1872 sp |||| | spa d
040 ## - FUENTE DE CATALOGACIÓN
Centro catalogador/agencia de origen CAM
Lengua de catalogación spa
Centro/agencia transcriptor CAM
100 1# - ENTRADA PRINCIPAL--NOMBRE DE PERSONA
Nombre de persona Pina Domínguez, Mariano,
Fechas asociadas al nombre 1840-1895
9 (RLIN) 139971
245 10 - MENCIÓN DEL TÍTULO
Título Pirlimpimpin 1º
Resto del título : zarzuela bufo-fantástica en dos actos /
Mención de responsabilidad, etc. letra de Mariano Pina Dominguez ; música de Cecilio Re Mi Fa.
260 ## - PUBLICACIÓN, DISTRIBUCIÓN, ETC.
Lugar de publicación, distribución, etc. Madrid :
Nombre del editor, distribuidor, etc. [s.n.],
Fecha de publicación, distribución, etc. 1872 (
Fabricante Imprenta de José Rodriguez)
300 ## - DESCRIPCIÓN FÍSICA
Extensión 46 p. ;
Dimensiones 19 cm.
500 ## - NOTA GENERAL
Nota general En port.: Estrenada en Madrid en el Teatro de los Bufos el 5 de octubre de 1872.
500 ## - NOTA GENERAL
Nota general Solo la letra.
600 14 - PUNTO DE ACCESO ADICIONAL DE MATERIA--NOMBRE DE PERSONA
Nombre de persona Cecilio Re Mi Fa (músico)
9 (RLIN) 156115
852 ## - LOCALIZACIÓN
Ubicación ES-MaACL
Número de control de estantería F-8583(7)
Nota libre -- Enc. pasta española
condición física -- Falto de la cub. original
Nota libre -- Enc. en un vol. facticio formando parte de la col. facticia "Teatro español moderno", vol. 36
Existencias
Estatus retirado Estado de pérdida Estado de daño No para préstamo Colección Biblioteca de origen Biblioteca actual Ubicación en estantería Fecha de adquisición Total de préstamos Signatura topográfica completa Código de barras Visto por última vez Precio de reemplazo Tipo de ítem Koha
        Libros del s. XIX Biblioteca del Ateneo de Madrid Biblioteca del Ateneo de Madrid Sala Pecera Planta 2 17/01/2008   F-8583(7) 1169879 23/02/2023 23/02/2023 Libro impreso antiguo